000 00740nam a22002657a 4500
003 UA-OsUOA
001 22290
007 ta
008 20031218b un ||||| |||| 00| 0 ukr d
100 _aСохань Л. В.
700 _aТихонович В. А.
090 _a159.923
_bР17
942 _cBK
040 _aUA-OsUOA
_brus
_cUA-OsUOA
_dUA-OsUOA
245 _aРазумная организация жизни личности
_bпроблемы воспитания и саморегулирования
300 _a328 с.
955 _a2
041 _arus
080 _a159.923
020 _a5-12-001064-4
260 _aКиев
_bНаукова думка
_c1989
044 _aUA
650 7 _2UDC
999 _c308507
_d308507